Missing Word: Movies, Books & Music (N) Quiz Stats

 Plays Quiz Updated Jul 18, 2018

Challenge
Share
Tweet
Embed
Score 0/21 Timer 02:00
6 Plays Today
Hint Answer % Correct
BooksNew
96.9%
MoviesNever
95.6%
MoviesNow
94.7%
MusicNice
93.7%
MusicNot
92.2%
MoviesNatural
90.2%
BooksNineteen
88.8%
MoviesNoon
88.8%
MusicNobody
84.3%
MoviesNapoleon
83.8%
MoviesNeverland
65%
Hint Answer % Correct
BooksName
56.9%
MoviesNumber
56.2%
MusicNovember
56.1%
MusicNervous
55.7%
MusicNorwegian
53.5%
MusicNoise
48.7%
BooksNephew
48.2%
BooksNaked
47.7%
BooksNight-Time
38.6%
BooksNoughts
31.5%

Today's Daily Dose

You're not logged in!

Compare scores with friends on all Sporcle quizzes.
OR
Log In

You Might Also Like...

Show Comments

Extras

Top Quizzes Today


Score Distribution

Your Account Isn't Verified!

In order to create a playlist on Sporcle, you need to verify the email address you used during registration. Go to your Sporcle Settings to finish the process.

Report this User

Report this user for behavior that violates our Community Guidelines.

Details: